Top 55 Most Conservative Countries - Statistics

General Stats
  • This quiz has been taken 59 times
  • The average score is 39 of 55
Answer Stats
Hint Answer % Correct
0.02 Afghanistan
92%
0.09 Iran
92%
0.06 Russia
92%
0.05 Saudi Arabia
92%
0.05 Yemen
90%
0.12 Algeria
88%
0.04 China
88%
0.13 Egypt
88%
0.01 North Korea
88%
0.14 Oman
88%
0.08 Qatar
88%
0.13 Somalia
88%
0.08 United Arab Emirates
88%
0.04 Sudan
85%
0.05 Syria
85%
0.05 Chad
83%
0.13 Democratic Republic of the Congo
81%
0.1 Ethiopia
81%
0.11 Libya
81%
0.15 Mali
79%
0.14 Mauritania
79%
0.05 Bahrain
77%
<0.01 Eritrea
77%
0.03 Turkmenistan
75%
0.12 Congo
73%
0.07 South Sudan
73%
0.05 Tajikistan
73%
0.13 Kazakhstan
71%
0.08 Uzbekistan
71%
0.04 Belarus
67%
0.13 Burkina Faso
67%
0.12 Djibouti
67%
0.1 Laos
67%
0.14 Cameroon
65%
0.1 Central African Republic
65%
0.06 Cuba
65%
0.07 Burundi
63%
0.07 Guinea
63%
0.02 Myanmar
63%
0.09 Rwanda
63%
0.12 Turkey
60%
0.05 Venezuela
60%
0.05 Azerbaijan
58%
0.06 Cambodia
58%
0.16 Zimbabwe
58%
0.12 Vietnam
56%
0.07 Bangladesh
54%
0.15 Guinea-Bissau
54%
0.05 Equatorial Guinea
48%
0.15 Gabon
44%
0.08 Haiti
44%
0.09 El Salvador
42%
0.02 Nicaragua
42%
0.1 Eswatini
40%
0.11 Comoros
35%
No matching quizzes found
Score Distribution
Percent of People with Each Score
Percentile by Number Answered
Your Score History
You have not taken this quiz